Paryaya Nighandu (Record no. 103696)
[ view plain ]
| 000 -LEADER | |
|---|---|
| fixed length control field | 00381nam a2200133Ia 4500 |
| 008 - FIXED-LENGTH DATA ELEMENTS--GENERAL INFORMATION | |
| fixed length control field | 211118s9999||||xx |||||||||||||| ||und|| |
| 082 ## - DEWEY DECIMAL CLASSIFICATION NUMBER | |
| Classification number | 494.812 03 |
| Item number | DAM-P |
| 100 ## - MAIN ENTRY--PERSONAL NAME | |
| Personal name | Damodaran Moosad, P I |
| 245 #0 - TITLE STATEMENT | |
| Title | Paryaya Nighandu |
| 260 ## - PUBLICATION, DISTRIBUTION, ETC. | |
| Name of publisher, distributor, etc. | Lipi |
| Place of publication, distribution, etc. | Kozhikodu |
| Date of publication, distribution, etc. | 2000 |
| 630 ## - SUBJECT ADDED ENTRY--UNIFORM TITLE | |
| General subdivision | Post Graduate Reference |
| 650 ## - SUBJECT ADDED ENTRY--TOPICAL TERM | |
| Topical term or geographic name entry element | Malayalam Language |
| 942 ## - ADDED ENTRY ELEMENTS (KOHA) | |
| Koha item type | BOOK |
| 650 ## - SUBJECT ADDED ENTRY--TOPICAL TERM | |
| Form subdivision | Malayalam DictionaryMalayalam |
| Withdrawn status | Lost status | Source of classification or shelving scheme | Damaged status | Use restrictions | Not for loan | Home library | Current library | Date acquired | Cost, normal purchase price | Total Checkouts | Full call number | Barcode | Shelving location | Date last seen | Price effective from | Koha item type |
|---|---|---|---|---|---|---|---|---|---|---|---|---|---|---|---|---|
| Dewey Decimal Classification | RESTRICTED | SB LIBRARY | SB LIBRARY | 18/11/2021 | 80.00 | 494.812 DAM-P | 00109928 | POST GRADUATE REFERENCE | 18/11/2021 | 18/11/2021 | BOOK |